| 000 | 00609nam a2200181Ia 4500 | ||
|---|---|---|---|
| 008 | 090124s9999 xx 000 0 und d | ||
| 082 | _b106154 | ||
| 100 | _aमिराशी वा. वि. | ||
| 245 | _a संशोधनमुक्तावली - सर 2 रा | ||
| 250 | _a1 | ||
| 260 | _c1957 | ||
| 300 | _a240 | ||
| 600 | _aमिराशी वा. वि. | ||
| 630 | _a संशोधनमुक्तावली - सर 2 रा | ||
| 700 | _aमिराशी वा. वि. | ||
| 730 | _a संशोधनमुक्तावली - सर 2 रा | ||
| 942 | _cBOOK | ||
| 999 |
_c152245 _d152245 |
||